000
00297nam a2200109Ia 4500
008
200302s9999 xx 000 0 und d
100
_a
Anthony Mason
245
_a
ART of the western world, from prehistory to the 21st century
260
_b
the salariya Book Company
260
_c
2007
300
_a
128
999
_c
7212
_d
7212